| 000 | 00000nam 2200000zi 4500 |
| 001 | 9.894373 |
| 003 | CaOODSP |
| 005 | 20221107173722 |
| 006 | m o d f |
| 007 | cr bn||||||||| |
| 008 | 201204t20202020onc o f000 0 fre d |
| 020 | |a9780660368351 |
| 040 | |aCaOODSP|bfre|erda|cCaOODSP |
| 043 | |an-cn--- |
| 086 | 1 |aBT39-55/1-2020F-PDF |
| 245 | 00|aGuide à l’intention des ministères sur l’assouplissement des restrictions. |
| 264 | 1|a[Ottawa] : |bSecrétariat du Conseil du trésor du Canada = Treasury Board of Canada Secretariat, |c2020. |
| 264 | 4|c©2020 |
| 300 | |a1 ressource en ligne (6 pages non numérotées) |
| 336 | |atexte|btxt|2rdacontent/fre |
| 337 | |ainformatique|bc|2rdamedia/fre |
| 338 | |aressource en ligne|bcr|2rdacarrier/fre |
| 500 | |aPublié aussi en anglais sous le titre : Guidebook for departments on easing of restrictions. |
| 500 | |aPublié aussi en format HTML. |
| 500 | |a« Publié : le 2020-07-10. » |
| 520 | |a« Un guide à l’appui d’un assouplissement graduel, sécuritaire et durable des restrictions liées à la COVID-19 dans les lieux de travail fédéraux » -- Page [3]. |
| 650 | 6|aCOVID-19|xPolitique gouvernementale|zCanada. |
| 650 | 6|aMilieu de travail|xPolitique gouvernementale|zCanada. |
| 710 | 1 |aCanada. |bConseil du trésor, |eorganisme de publication. |
| 775 | 08|tGuidebook for departments on easing of restrictions. |w(CaOODSP)9.894372 |
| 794 | |tGuide à l'intention des ministères sur l'assouplissement des restrictions.|b2022-03-22|w(CaOODSP)9.910543 |
| 856 | 40|qPDF|s140 Ko|uhttps://publications.gc.ca/collections/collection_2021/sct-tbs/BT39-55-1-2020-fra.pdf |
| 856 | 4 |qHTML|sS.O.|uhttps://www.canada.ca/fr/gouvernement/fonctionpublique/covid-19/assouplissement-restrictions/guide-ministeres.html |